ARRUPE JESUIT UNIVERSITY

CORONAVIRUS -STOP THE SPREAD - CLEAN,DISINFECT,COVER

The Highland division, (Record no. 120460)

MARC details
000 -LEADER
fixed length control field 01013mam a2200301 4500
001 - CONTROL NUMBER
control field 2336949
003 - CONTROL NUMBER IDENTIFIER
control field ARRUPE
005 - DATE AND TIME OF LATEST TRANSACTION
control field 20140505144856.0
008 - FIXED-LENGTH DATA ELEMENTS--GENERAL INFORMATION
fixed length control field 760603s1942 enkb 000 0 eng
010 ## - LIBRARY OF CONGRESS CONTROL NUMBER
LC control number 43001479
035 ## - SYSTEM CONTROL NUMBER
System control number (OCoLC)ocm02208094
035 ## - SYSTEM CONTROL NUMBER
System control number (NNC)2336949
040 ## - CATALOGING SOURCE
Original cataloging agency DLC
Transcribing agency GUA
Modifying agency GUA
050 0# - LIBRARY OF CONGRESS CALL NUMBER
Classification number D759.5 51st
Item number .L5
082 00 - DEWEY DECIMAL CLASSIFICATION NUMBER
Classification number 940.541242
300 ## - PHYSICAL DESCRIPTION
Other physical details maps.
Dimensions 19 cm.
100 1# - MAIN ENTRY--PERSONAL NAME
Personal name Linklater, Eric,
Dates associated with a name 1899-1974.
9 (RLIN) 10077
245 14 - TITLE STATEMENT
Title The Highland division,
Statement of responsibility, etc by Eric Linklater.
260 ## - PUBLICATION, DISTRIBUTION, ETC. (IMPRINT)
Place of publication, distribution, etc London,
Name of publisher, distributor, etc H.M. Stationery Off.,
Date of publication, distribution, etc 1942.
300 ## - PHYSICAL DESCRIPTION
Extent 96 p.
490 1# - SERIES STATEMENT
Series statement The Army at war
500 ## - GENERAL NOTE
General note "Issued for the War Office by the Ministry of Information."
500 ## - GENERAL NOTE
General note "Order of battle, the Fifty-first (Highland) Division": p. [2] of cover and p. [1].
610 10 - SUBJECT ADDED ENTRY--CORPORATE NAME
Corporate name or jurisdiction name as entry element Great Britain.
Subordinate unit Army.
-- Division, 51st (Highland)
9 (RLIN) 10078
650 #0 - SUBJECT ADDED ENTRY--TOPICAL TERM
Topical term or geographic name as entry element World War, 1939-1945
General subdivision Regimental histories
Geographic subdivision Great Britain.
9 (RLIN) 10079
830 #0 - SERIES ADDED ENTRY--UNIFORM TITLE
Uniform title Army at war.
9 (RLIN) 10080
942 ## - ADDED ENTRY ELEMENTS (KOHA)
Source of classification or shelving scheme Library of Congress Classification
Koha item type Monograph ( Printed materials)
Holdings
Withdrawn status Lost status Source of classification or shelving scheme Damaged status Not for loan Collection code Home library Current library Shelving location Date acquired Total Checkouts Full call number Barcode Date last seen Price effective from Koha item type
    Library of Congress Classification     Main Collection ARRUPE LIBRARY ARRUPE LIBRARY Main Collection 05/05/2014   D759.5 51st .L5 46500001596 07/12/2017 05/05/2014 Monograph ( Printed materials)

 

Arrupe Library. PO Box MP320 Mt Pleasant, Harare, Zimbabwe
263 242 745411|librarian@aju.ac.zw